Sports Quiz

Random Sports Quiz

SI's Top 100 Athletes of 2017 (For KOT4Q) Quiz Stats

 Plays Quiz not verified by Sporcle

Challenge
Share
Tweet
Embed
Score 0/100 Timer 17:00
0 Plays Today
Hint Answer % Correct
CavaliersJames
99.8%
WarriorsCurry
98.6%
Warriors Durant
98.2%
ThunderWestbrook
97.3%
ClippersPaul
97.1%
RocketsHarden
96.2%
PelicansDavis
95.7%
PacersGeorge
95.5%
SpursLeonard
95.3%
ClippersGriffin
94.8%
PelicansCousins
93.9%
WarriorsThompson
93.7%
CavaliersThompson
93.7%
WarriorsGreen
93.5%
SpursGreen
93.5%
RaptorsLowry
92.8%
WizardsWall
92.8%
CavaliersIrving
92.6%
BullsButler
91.9%
ClippersJordan
91.4%
Trail BlazersLillard
91.4%
KnicksAnthony
91%
TimberwolvesTowns
90.3%
GrizzliesGasol
89.8%
BullsGasol
89.8%
JazzHayward
89.4%
CavaliersLove
88.9%
RaptorsDeRozan
88.9%
CelticsThomas
88.5%
SpursAldridge
88%
GrizzliesConley
86.7%
PistonsDrummond
86.7%
HawksMillsap
86.2%
CelticsHorford
86.2%
Hint Answer % Correct
BullsWade
86.2%
HornetsWalker
85.8%
JazzGobert
85.6%
MavericksNowitzki
85.3%
HeatWhiteside
84.4%
NetsLopez
78.8%
BullsLopez
78.8%
HawksHoward
76.5%
ThunderAdams
74.5%
HeatDragic
73.8%
BucksAntetokounmpo
72.9%
SunsBooker
72.7%
WizardsBeal
72%
SunsBledsoe
68.2%
TimberwolvesWiggins
67.5%
Trail BlazersMcCollum
66.6%
CavaliersSmith
65.5%
NuggetsJokic
62.3%
KnicksPorzingis
61.4%
JazzFavors
59.4%
PistonsJackson
59.4%
RaptorsIbaka
58.7%
BucksMiddleton
58.5%
WizardsGortat
57.6%
CelticsCrowder
57.1%
CelticsBradley
55.1%
CelticsJohnson
55.1%
ThunderOladipo
54.6%
WarriorsIguodala
54%
PacersTeague
53.3%
JazzHill
53%
MagicGordon
52.1%
HeatBosh
51%
HornetsBatum
51%
Hint Answer % Correct
GrizzliesRandolph
47.2%
TimberwolvesRubio
46.7%
ThunderKanter
44.9%
HornetsWilliams
43.3%
CavaliersKorver
42.7%
ClippersRedick
41.3%
JazzHood
38.6%
PistonsHarris
38.1%
RaptorsValanciunas
37.7%
BucksMonroe
37.5%
MagicVucevic
36.6%
NuggetsGallinari
35.7%
RocketsCapela
35.2%
RocketsAriza
34.1%
SpursGinobili
33.6%
GrizzliesParsons
29.8%
PacersYoung
29.8%
KingsGay
28.9%
NuggetsFaried
26.9%
LakersDeng
26.2%
RaptorsCarroll
26.2%
RocketsAnderson
25.7%
76ersNoel
23.9%
MagicFournier
23.5%
HawksBazemore
23.5%
HornetsZeller
21.9%
SunsKnight
19%
Trail BlazersPlumlee
16%
MavericksMatthews
15.6%
MavericksBogut
14.9%
MagicBiyombo
10.4%
WizardsMahinmi
6.1%

You're not logged in!

Compare scores with friends on all Sporcle quizzes.
Join for Free
OR
Log In

You Might Also Like...

Show Comments

Extras

Created May 10, 2017ReportNominate
Tags:100, 2017, KOT4Q, Top 100

Top Quizzes Today


Score Distribution

Your Account Isn't Verified!

In order to create a playlist on Sporcle, you need to verify the email address you used during registration. Go to your Sporcle Settings to finish the process.

Report this User

Report this user for behavior that violates our Community Guidelines.

Details: